The science fiction of Edgar Allan Poe

Uloženo v:
Podrobná bibliografie
Hlavní autor: Poe, Edgar Allan (Autor)
Médium: Kniha
Jazyk:angličtina
Vydáno: Harmondsworth Penguin Books 1976
Témata:
Tagy: Přidat tag
Žádné tagy, Buďte první, kdo vytvoří štítek k tomuto záznamu!

MARC

LEADER 00000nam a2200000 a 4500
001 UCQ2750
003 CL-VaPUC
008 980731e19760000uk |||||||||||||||||eng|d
082 0 4 |a 813  |b POE  |2 21 
100 |a Poe, Edgar Allan  |e author  |9 313715 
245 1 4 |a The science fiction of Edgar Allan Poe 
300 |a 429 p 
942 |c BK 
945 |d 19980731 00:00:00  |a crobeson 
260 |a Harmondsworth  |b Penguin Books  |c 1976 
650 0 |a Cuentos estadounidenses  |9 265133 
650 0 |a Literatura estadounidense  |9 317168 
650 0 |a Ciencia ficción   |9 314542 
583 |a last modification  |c 20171204 02:24:12  |k Rodrigo Vera 
999 |c 273520  |d 273518 
952 |0 0  |1 0  |4 0  |6 813_000000000000000_POE_1976  |7 0  |8 A  |9 309148  |a BIBEDU  |b BIBEDU  |d 2019-11-20  |i 1449133  |o 813 POE 1976  |p 1449133  |r 2019-11-20  |w 2019-11-20  |y BK  |k LIT